[Event "2BLS 1819 TSV Schönaich - SG Speyer-Sc"]
[Site "?"]
[Date "2019.03.24"]
[Round "10.7"]
[White "Kovacs, Gabor"]
[Black "Reck, Moritz"]
[Result "1-0"]
[WhiteElo "2457"]
[BlackElo "2138"]
[PlyCount "93"]
[EventDate "2019.??.??"]

1. c4 e5 2. Nc3 Nc6 3. g3 g6 4. Bg2 Bg7 5. d3 d6 6. e3 Be6 7. Nge2 Qd7 8. Nd5
Nd8 9. O-O c6 10. Ndc3 Nf6 11. b3 Bh3 12. Ba3 h5 13. Ne4 Nxe4 14. dxe4 Bxg2 15.
Kxg2 c5 16. h4 Ne6 17. Nc3 O-O-O 18. Qe2 g5 19. hxg5 Nxg5 20. Rh1 f5 21. Rh4
Nxe4 22. Nxe4 fxe4 23. Rah1 Qf7 24. Rxh5 Rdf8 25. Rxh8 Bxh8 26. Kg1 Kc7 27. Rh2
Qf3 28. Qxf3 exf3 29. e4 Bf6 30. Bc1 a6 31. Rh5 Bd8 32. Kh2 Rg8 33. Kh3 b5 34.
Bd2 bxc4 35. bxc4 Kc6 36. g4 Be7 37. Rh7 Kd7 38. g5 Ke6 39. Kg4 Rb8 40. Rh6+
Kf7 41. g6+ Kg8 42. Rh7 Bf8 43. Ra7 Rb2 44. Be3 Rxa2 45. Ra8 Kg7 46. Kh5 Be7
47. Ra7 1-0

[Event "2BLS 1819 TSV Schönaich - SG Speyer-Sc"]
[Site "?"]
[Date "2019.03.24"]
[Round "10.8"]
[White "Koelle, Tobias"]
[Black "Mager, Denis"]
[Result "1/2-1/2"]
[WhiteElo "2126"]
[BlackElo "2280"]
[PlyCount "75"]
[EventDate "2019.??.??"]

1. d4 d5 2. c4 c6 3. Nf3 Nf6 4. e3 g6 5. Bd3 Bg7 6. O-O O-O 7. b3 Bf5 8. Bb2
Nbd7 9. Nc3 Re8 10. Re1 Bxd3 11. Qxd3 dxc4 12. Qxc4 e5 13. dxe5 Nxe5 14. Nxe5
Rxe5 15. Rad1 Qe7 16. Qd4 Re6 17. Qd2 Qc7 18. h3 Ne8 19. Qd7 Re7 20. Qxc7 Nxc7
21. Rd2 Ne6 22. Red1 Ree8 23. Ne4 Bxb2 24. Rxb2 Red8 25. Nd6 Rd7 26. Rbd2 Rad8
27. Kf1 Nc7 28. Rd4 Nd5 29. Ne4 f5 30. Rxd5 cxd5 31. Nf6+ Kf7 32. Nxd7 Rxd7 33.
Ke2 Ke6 34. Rc1 Kd6 35. Kd3 Rd8 36. Kd4 Re8 37. g3 g5 38. Kd3 1/2-1/2